| 000 | 00493nam a2200169 4500 | ||
|---|---|---|---|
| 001 | 107680 | ||
| 003 | ES-MaACL | ||
| 007 | t| | ||
| 008 | 061121s1983 sp r ||||1| spa d | ||
| 020 | _a84-359-0330-3 | ||
| 100 | 1 |
_aMoreno, Gabriel. _983280 |
|
| 245 | 1 | 0 |
_aIntroducción a la comunicación social actual / _cGabriel Moreno. |
| 260 |
_aMadrid : _bPlayor, _cD.L. 1983. |
||
| 300 |
_a188 p. ; _c24. |
||
| 504 | _abibliografía: p. 183-188.- Indice. | ||
| 852 |
_aES-MaACL _jL-9250 _bR.108781 |
||
| 999 |
_c107680 _d107680 |
||